| 000 | 00449nam a2200157Ia 4500 | ||
|---|---|---|---|
| 008 | 240729s9999 xx 000 0 und d | ||
| 022 | _a2589-9651 | ||
| 245 | 0 | _aNano Materials Science | |
| 260 | _aChina | ||
| 260 | _bKeAi Communications Co., Ltd. | ||
| 650 | _a Engineering (General). Civil engineering (General) | ||
| 650 | _aTechnology | ||
| 856 | _uhttps://doaj.org/toc/3ae245e611f54dcc98cef5f881f5cb07 | ||
| 942 | _2ddc | ||
| 942 | _cDOAJEJ | ||
| 999 |
_c67617 _d67617 |
||
| 945 |
_a1 _bMadushi Gamage _c1 _dMadushi Gamage |
||